[Event "Cartago Region-ch 1st (Women)"]
[Site "Buga"]
[Date "2011.09.22"]
[Round "2.4"]
[White "Saenz Prado, Stephani"]
[Black "Agudelo, Alejandra"]
[Result "1-0"]
[WhiteElo "1454"]
[BlackElo "1533"]
[PlyCount "33"]
[EventDate "2011.09.22"]
[EventType "swiss"]
[EventRounds "5"]
[EventCountry "COL"]
[SourceTitle "EXT 2024"]
[Source "ChessBase"]
[SourceDate "2023.10.10"]
[SourceVersion "1"]
[SourceVersionDate "2023.10.10"]
[SourceQuality "1"]
[WhiteTeam "El Cerrito"]
[BlackTeam "Restrepo"]
[WhiteTeamCountry "COL"]
[BlackTeamCountry "COL"]

1. d4 d5 2. c4 dxc4 3. Nc3 e6 4. e4 b6 5. Bxc4 Bb7 6. Nf3 Bb4 7. Qa4+ Nc6 8. d5 Bxc3+ 9. bxc3 a6 10. dxc6 b5 11. Qc2 Bxc6 12. Bd3 Ne7 13. 0-0 0-0 14. Nd4 Qd6 15. Nxc6 Qxc6 16. e5 Ng6 17. Be4 1-0